|
|
|
|
| LEADER |
01623nam a2200397Ia 4500 |
| 001 |
EBC1158476 |
| 003 |
MiAaPQ |
| 005 |
20200520144314.0 |
| 006 |
m o d | |
| 007 |
cr cn||||||||| |
| 008 |
080130s2008 ne a sb 000 0 eng d |
| 020 |
|
|
|z 9789004193628
|
| 020 |
|
|
|z 9004156380
|
| 020 |
|
|
|z 9789004156388
|
| 035 |
|
|
|a (MiAaPQ)EBC1158476
|
| 035 |
|
|
|a (Au-PeEL)EBL1158476
|
| 035 |
|
|
|a (CaPaEBR)ebr10684538
|
| 035 |
|
|
|a (CaONFJC)MIL471004
|
| 035 |
|
|
|a (OCoLC)833765498
|
| 040 |
|
|
|a MiAaPQ
|c MiAaPQ
|d MiAaPQ
|
| 050 |
|
4 |
|a HC427.95
|b .C56 2008
|
| 082 |
0 |
4 |
|a 338.951
|2 20
|
| 245 |
0 |
4 |
|a The China economy yearbook
|h [electronic resource] .
|n Volume 1,
|p Analysis and forecast of China's economy /
|c edited by Liu Guoguang ... [et al.].
|
| 260 |
|
|
|a Leiden ;
|a Boston :
|b Brill,
|c c2008.
|
| 300 |
|
|
|a xxviii, 451 p. :
|b ill.
|
| 490 |
1 |
|
|a Chinese Academy of Social Sciences yearbooks : economy,
|x 1872-7220 ;
|v 1
|
| 500 |
|
|
|a English translation of Jingji Lan Pi Shu 2006 Nian: Zhongguo Jingji Xingshi Fenxi yu Yuce.
|
| 504 |
|
|
|a Includes bibliographical references.
|
| 533 |
|
|
|a Electronic reproduction. Ann Arbor, MI : ProQuest, 2015. Available via World Wide Web. Access may be limited to ProQuest affiliated libraries.
|
| 650 |
|
0 |
|a Economic forecasting
|z China.
|
| 651 |
|
0 |
|a China
|x Economic conditions
|y 21st century.
|
| 655 |
|
4 |
|a Electronic books.
|
| 700 |
1 |
|
|a Liu, Guoguang,
|d 1923-
|
| 710 |
2 |
|
|a ProQuest (Firm)
|
| 830 |
|
0 |
|a Chinese Academy of Social Sciences yearbooks.
|p Economy ;
|v 1.
|
| 856 |
4 |
0 |
|u https://ebookcentral.proquest.com/lib/matrademy/detail.action?docID=1158476
|z Click to View
|